Tilastot visalle 15 suurinta saarivaltiota

Klikkaa tästä pelataksesi tätä visaa!

Yleistilastot

  • Tätä visaa on pelattu 2 560 kertaa
  • Keskiarvotulos 11 / 15

Vastaustilastot

Pinta-alaValtio% Oikein
587 041Madagaskar
93%
270 467Uusi-Seelanti
91%
377 930Japani
90%
1 910 931Indonesia
88%
103 000Islanti
86%
242 495Yhdistynyt kuningaskunta
85%
109 884Kuuba
83%
70 273Irlanti
82%
300 000Filippiinit
79%
65 610Sri Lanka
75%
462 840Papua-Uusi-Guinea
69%
27 750Haiti
66%
36 193Taiwan
64%
48 671Dominikaaninen tasavalta
56%
28 896Salomonsaaret
33%

Tulosjakauma

Persentiili vastausten määrän mukaan

Jokaisen tuloksen saaneiden osuus

Tuloshistoriasi

Et ole pelannut tätä visaa